[Event "Hastings Premier 1973/74 49th"]
[Site "Hastings"]
[Date "1973.12.30"]
[Round "4"]
[White "Pytel, Krzysztof"]
[Black "Rellstab, Ludwig Jr"]
[Result "1/2-1/2"]
[WhiteElo "2390"]
[BlackElo "2200"]
[PlyCount "70"]
[EventDate "1973.12.27"]
[EventType "tourn"]
[EventRounds "15"]
[EventCountry "ENG"]
[EventCategory "9"]
[SourceTitle "Britbase"]

1. d4 Nf6 2. c4 e6 3. Nf3 Bb4+ 4. Nbd2 d5 5. a3 Be7 6. e3 Nbd7 7. b3 O-O 8. Bd3
c5 9. O-O b6 10. Bb2 Bb7 11. Qe2 Ne4 12. Rfd1 f5 13. Nf1 Qe8 14. cxd5 exd5 15.
Ne5 Nxe5 16. dxe5 Rd8 17. Qc2 Qf7 18. f3 Ng5 19. Ng3 g6 20. Ne2 Ne6 21. f4 Rc8
22. Rac1 Rfd8 23. Qb1 a6 24. a4 Qe8 25. Ng3 Ng7 26. Be2 Qf7 27. Bf3 g5 28. Be2
gxf4 29. exf4 Rf8 30. Ba1 Qe6 31. Bf3 Rfd8 32. Rd2 Ba8 33. Be2 Bb7 34. Bd3 Rf8
35. Be2 Rfd8 1/2-1/2

[Event "Hastings Premier 1973/74 49th"]
[Site "Hastings"]
[Date "1973.12.30"]
[Round "4"]
[White "Szabo, Laszlo"]
[Black "Suttles, Duncan"]
[Result "1-0"]
[WhiteElo "2565"]
[BlackElo "2485"]
[PlyCount "91"]
[EventDate "1973.12.27"]
[EventType "tourn"]
[EventRounds "15"]
[EventCountry "ENG"]
[EventCategory "9"]
[SourceTitle "Britbase"]

1. d4 d6 2. c4 g6 3. Nc3 Bg7 4. e4 Nc6 5. Be3 e5 6. Nge2 Nh6 7. d5 Ne7 8. f3 f5
9. Qd2 Nf7 10. Nc1 O-O 11. Nd3 c6 12. Be2 cxd5 13. cxd5 Bd7 14. a4 Kh8 15. a5
Ng8 16. O-O f4 17. Bf2 g5 18. a6 b6 19. Nb4 h5 20. Nc6 Qf6 21. Nb5 g4 22. Nbxa7
Bh6 23. Bxb6 g3 24. Kh1 Qh4 25. Bg1 Ng5 26. Bd3 Rf6 27. Nb5 Rg6 28. Nxd6 Rxd6
29. Nxe5 Bg7 30. Nxd7 Rxd7 31. Bb5 Rd6 32. Bc6 Ra7 33. e5 Rg6 34. d6 Nh3 35.
gxh3 g2+ 36. Qxg2 Rxg2 37. Kxg2 Rf7 38. Bd4 Nh6 39. a7 Nf5 40. a8=Q+ Rf8 41.
Bf2 Qg5+ 42. Kh1 Ng3+ 43. hxg3 fxg3 44. Rg1 h4 45. d7 Qf5 46. Bxg3 1-0

[Event "Hastings Premier 1973/74 49th"]
[Site "Hastings"]
[Date "1974.01.01"]
[Round "5"]
[White "Basman, Michael John"]
[Black "Garcia Martinez, Silvino"]
[Result "1-0"]
[WhiteElo "2385"]
[BlackElo "2450"]
[PlyCount "113"]
[EventDate "1973.12.27"]
[EventType "tourn"]
[EventRounds "15"]
[EventCountry "ENG"]
[EventCategory "9"]
[SourceTitle "Britbase"]

1. e4 c5 2. Nf3 e6 3. Be2 Nc6 4. O-O d6 5. Re1 Nf6 6. Bf1 Nd7 7. c3 Nde5 8. d3
Nxf3+ 9. Qxf3 Be7 10. Qg3 O-O 11. Bh6 Bf6 12. h4 Kh8 13. Bg5 Bxg5 14. hxg5 f5
15. gxf6 Rxf6 16. Nd2 e5 17. Qe3 Rh6 18. g3 Qf6 19. Bg2 Bg4 20. f3 Be6 21. Kf2
Qf7 22. a3 Rg8 23. Rh1 Rxh1 24. Rxh1 g5 25. Rh6 b5 26. b4 cxb4 27. axb4 Rg6 28.
Rxg6 Qxg6 29. d4 exd4 30. cxd4 Qf6 31. d5 Ne5 32. Qxa7 Bd7 33. Bf1 Bg4 34. Be2
Bxf3 35. Nxf3 g4 36. Qb8+ Kg7 37. Qc7+ Kg6 38. Qc8 gxf3 39. Bxb5 h5 40. Qg8+
Kh6 41. Qe6 Ng4+ 42. Ke1 f2+ 43. Kd2 Kg7 44. Qxf6+ Kxf6 45. Bf1 Ke5 46. b5 Nf6
47. b6 Nxe4+ 48. Ke2 Nc5 49. Bg2 Kf5 50. Kxf2 Nd3+ 51. Ke3 Nc5 52. Bh3+ Kg5 53.
Bc8 Kg6 54. Kd4 Kg5 55. Kc4 h4 56. gxh4+ Kxh4 57. Kb5 1-0

[Event "Hastings Premier 1973/74 49th"]
[Site "Hastings"]
[Date "1974.01.01"]
[Round "5"]
[White "Hartston, William Roland"]
[Black "Szabo, Laszlo"]
[Result "1/2-1/2"]
[WhiteElo "2470"]
[BlackElo "2565"]
[PlyCount "45"]
[EventDate "1973.12.27"]
[EventType "tourn"]
[EventRounds "15"]
[EventCountry "ENG"]
[EventCategory "9"]
[SourceTitle "Britbase"]

1. e4 e5 2. Bc4 Nf6 3. d3 c6 4. Bb3 d5 5. Qe2 dxe4 6. dxe4 Bg4 7. f3 Bh5 8. Nh3
Nbd7 9. c3 Nc5 10. Bc2 h6 11. Nf2 Ne6 12. Nd3 Qc7 13. a4 Nd7 14. a5 Be7 15. Be3
Bh4+ 16. g3 Bg5 17. Nd2 Rd8 18. O-O Bxe3+ 19. Qxe3 O-O 20. b4 b5 21. axb6 axb6
22. Bb3 Ra8 23. h4 1/2-1/2

[Event "Hastings Premier 1973/74 49th"]
[Site "Hastings"]
[Date "1974.01.01"]
[Round "5"]
[White "Rellstab, Ludwig Jr"]
[Black "Keene, Raymond Dennis"]
[Result "0-1"]
[WhiteElo "2200"]
[BlackElo "2445"]
[PlyCount "108"]
[EventDate "1973.12.27"]
[EventType "tourn"]
[EventRounds "15"]
[EventCountry "ENG"]
[EventCategory "9"]
[SourceTitle "Britbase"]

1. c4 Nf6 2. Nf3 b6 3. g3 Bb7 4. d4 c5 5. d5 b5 6. Bg2 g6 7. O-O Bg7 8. Re1
bxc4 9. Nc3 d6 10. Qa4+ Nbd7 11. Qxc4 O-O 12. e4 Ng4 13. Qe2 a5 14. Qd1 Ba6 15.
Bf1 Bxf1 16. Rxf1 Nge5 17. Nxe5 Nxe5 18. Bf4 Qb6 19. Bxe5 Bxe5 20. Qc2 Rfb8 21.
Rab1 Qb4 22. Na4 Ra7 23. Rfc1 Rab7 24. Kg2 Qb5 25. b3 Qd7 26. Nb2 Bxb2 27. Qxb2
a4 28. Qc2 axb3 29. Rxb3 Rxb3 30. axb3 Qb7 31. Rb1 Qb4 32. Ra1 Qxb3 33. Qc1 Qd3
34. Qf4 Rb4 35. Re1 Kg7 36. h4 h5 37. Re3 Qd1 38. Qf3 Qd4 39. Qe2 Rb2 40. Qe1
Ra2 41. Qc3 Qxc3 42. Rxc3 Rd2 43. Kf3 f5 44. exf5 gxf5 45. Re3 Kf7 46. Kf4 Rxd5
47. Kg5 c4 48. Ra3 Rc5 49. Kxh5 c3 50. Ra1 Kf6 51. g4 Rc8 52. g5+ Kg7 53. g6
Kf6 54. g7 Rg8 0-1

[Event "Hastings Premier 1973/74 49th"]
[Site "Hastings"]
[Date "1974.01.01"]
[Round "5"]
[White "Stean, Michael Frank"]
[Black "Miles, Anthony John"]
[Result "1-0"]
[WhiteElo "2320"]
[BlackElo "2375"]
[PlyCount "106"]
[EventDate "1973.12.27"]
[EventType "tourn"]
[EventRounds "15"]
[EventCountry "ENG"]
[EventCategory "9"]
[SourceTitle "Britbase"]

1. e4 c5 2. Nf3 d6 3. d4 cxd4 4. Nxd4 Nf6 5. Nc3 g6 6. Be3 Bg7 7. f3 O-O 8. Bc4
Nc6 9. Qd2 Bd7 10. h4 h5 11. O-O-O Rc8 12. Bb3 Ne5 13. Kb1 Nc4 14. Bxc4 Rxc4
15. Nde2 Qc7 16. Bh6 Be6 17. Bxg7 Kxg7 18. Nf4 Qa5 19. Nxe6+ fxe6 20. Rh3 Rfc8
21. Rg3 Rxc3 22. bxc3 Rc6 23. Rg5 e5 24. c4 Qa3 25. Ka1 Rxc4 26. Rb1 Rd4 27.
Qe1 Nd7 28. Rb3 Qa6 29. g4 hxg4 30. Rxg4 Nc5 31. Rb2 Na4 32. Rb3 Nc5 33. Rb1
Qc4 34. Rg2 Na4 35. c3 Rd3 36. Rb4 Qc6 37. Rb3 Nc5 38. Rb1 Rxf3 39. h5 Nxe4 40.
Rxg6+ Kf7 41. Rg1 Nxc3 42. h6 Qc4 43. Rb2 Na4 44. Qd2 Rf1+ 45. Rb1 Rxb1+ 46.
Rxb1 Qg4 47. Qb4 Qh3 48. Qb3+ Qxb3 49. axb3 Kg6 50. bxa4 Kxh6 51. Rxb7 Kg5 52.
Rxa7 Kf6 53. a5 e4 1-0

[Event "Hastings Premier 1973/74 49th"]
[Site "Hastings"]
[Date "1974.01.01"]
[Round "5"]
[White "Suttles, Duncan"]
[Black "Pytel, Krzysztof"]
[Result "1/2-1/2"]
[WhiteElo "2485"]
[BlackElo "2390"]
[PlyCount "51"]
[EventDate "1973.12.27"]
[EventType "tourn"]
[EventRounds "15"]
[EventCountry "ENG"]
[EventCategory "9"]
[SourceTitle "Britbase"]

1. d3 d5 2. Nf3 Nf6 3. g3 c5 4. Bg2 Nc6 5. O-O e6 6. Nbd2 Be7 7. e4 O-O 8. Re1
b5 9. e5 Nd7 10. Nf1 b4 11. h4 a5 12. Bf4 Ba6 13. N1h2 Nd4 14. Nxd4 cxd4 15.
Qg4 Kh8 16. Nf3 Qb6 17. Ng5 Rac8 18. Re2 Bb5 19. Qh5 Bxg5 20. hxg5 Kg8 21. a4
bxa3 22. Rxa3 a4 23. Bf1 Rc7 24. Rd2 Rfc8 25. Qd1 Rc5 26. Ra1 1/2-1/2

[Event "Hastings Premier 1973/74 49th"]
[Site "Hastings"]
[Date "1974.01.01"]
[Round "5"]
[White "Tal, Mikhail"]
[Black "Kuzmin, Gennadi P"]
[Result "1/2-1/2"]
[WhiteElo "2660"]
[BlackElo "2575"]
[PlyCount "30"]
[EventDate "1973.12.27"]
[EventType "tourn"]
[EventRounds "15"]
[EventCountry "ENG"]
[EventCategory "9"]
[SourceTitle "Britbase"]

1. d4 Nf6 2. c4 e6 3. Nf3 b6 4. Bg5 Bb7 5. e3 Be7 6. Nc3 Ne4 7. Nxe4 Bxe4 8.
Bxe7 Qxe7 9. Be2 O-O 10. O-O d6 11. Nd2 Bb7 12. Bf3 Bxf3 13. Qxf3 Nd7 14. Rfd1
c5 15. dxc5 dxc5 1/2-1/2

[Event "Hastings Premier 1973/74 49th"]
[Site "Hastings"]
[Date "1974.01.02"]
[Round "6"]
[White "Adorjan, Andras"]
[Black "Tal, Mikhail"]
[Result "1/2-1/2"]
[WhiteElo "2515"]
[BlackElo "2660"]
[PlyCount "33"]
[EventDate "1973.12.27"]
[EventType "tourn"]
[EventRounds "15"]
[EventCountry "ENG"]
[EventCategory "9"]
[SourceTitle "Britbase"]

1. e4 c5 2. Nf3 d6 3. d4 cxd4 4. Nxd4 Nf6 5. Nc3 a6 6. Be2 Nbd7 7. f4 e5 8. Nf5
Nc5 9. Ng3 Qb6 10. f5 Bd7 11. a4 Bc6 12. Bf3 a5 13. b3 Be7 14. Be3 Qb4 15. Bd2
Qb6 16. Be3 Qb4 17. Bd2 1/2-1/2

[Event "Hastings Premier 1973/74 49th"]
[Site "Hastings"]
[Date "1974.01.02"]
[Round "6"]
[White "Benko, Pal"]
[Black "Gligoric, Svetozar"]
[Result "1/2-1/2"]
[WhiteElo "2530"]
[BlackElo "2595"]
[PlyCount "29"]
[EventDate "1973.12.27"]
[EventType "tourn"]
[EventRounds "15"]
[EventCountry "ENG"]
[EventCategory "9"]
[SourceTitle "Britbase"]

1. Nf3 Nf6 2. c4 g6 3. b4 Bg7 4. Bb2 O-O 5. e3 c6 6. Be2 a5 7. a3 axb4 8. axb4
Rxa1 9. Bxa1 Na6 10. b5 cxb5 11. cxb5 Nc5 12. O-O d6 13. Nc3 Bd7 14. d4 Nce4
15. Nxe4 1/2-1/2

[Event "Hastings Premier 1973/74 49th"]
[Site "Hastings"]
[Date "1974.01.02"]
[Round "6"]
[White "Garcia Martinez, Silvino"]
[Black "Stean, Michael Frank"]
[Result "1/2-1/2"]
[WhiteElo "2450"]
[BlackElo "2320"]
[PlyCount "22"]
[EventDate "1973.12.27"]
[EventType "tourn"]
[EventRounds "15"]
[EventCountry "ENG"]
[EventCategory "9"]
[SourceTitle "Britbase"]

1. e4 c5 2. Nf3 d6 3. Nc3 Nf6 4. e5 dxe5 5. Nxe5 e6 6. Be2 Nbd7 7. Nc4 Nb6 8.
Nxb6 Qxb6 9. O-O Bd7 10. a4 Bc6 11. a5 Qc7 1/2-1/2

[Event "Hastings Premier 1973/74 49th"]
[Site "Hastings"]
[Date "1974.01.02"]
[Round "6"]
[White "Keene, Raymond Dennis"]
[Black "Suttles, Duncan"]
[Result "1/2-1/2"]
[WhiteElo "2445"]
[BlackElo "2485"]
[PlyCount "25"]
[EventDate "1973.12.27"]
[EventType "tourn"]
[EventRounds "15"]
[EventCountry "ENG"]
[EventCategory "9"]
[SourceTitle "Britbase"]

1. d4 d6 2. c4 g6 3. Nc3 Bg7 4. e4 Nc6 5. d5 Nd4 6. Be3 c5 7. Nge2 Qb6 8. Nxd4
cxd4 9. Na4 Qa5+ 10. b4 Qxb4+ 11. Bd2 Qa3 12. Bc1 Qb4+ 13. Bd2 1/2-1/2

[Event "Hastings Premier 1973/74 49th"]
[Site "Hastings"]
[Date "1974.01.02"]
[Round "6"]
[White "Kuzmin, Gennadi P"]
[Black "Rellstab, Ludwig Jr"]
[Result "1-0"]
[WhiteElo "2575"]
[BlackElo "2200"]
[PlyCount "112"]
[EventDate "1973.12.27"]
[EventType "tourn"]
[EventRounds "15"]
[EventCountry "ENG"]
[EventCategory "9"]
[SourceTitle "Britbase"]

1. e4 e5 2. Nf3 Nc6 3. Bb5 a6 4. Ba4 d6 5. d4 Bd7 6. O-O Nf6 7. Bb3 Be7 8. c3
O-O 9. Nbd2 Bg4 10. h3 Bh5 11. d5 Bxf3 12. Nxf3 Nb8 13. Bc2 Nbd7 14. Be3 c6 15.
dxc6 bxc6 16. Qe2 Qb8 17. Rab1 Ne8 18. Rfd1 Nc7 19. Ba4 Qb7 20. Bg5 Bxg5 21.
Nxg5 h6 22. Nf3 Nc5 23. Bc2 Rad8 24. Qe3 N5e6 25. Nh4 Kh7 26. Nf5 Ne8 27. Rd2
Nf4 28. Kh2 Qc7 29. Rbd1 Ng6 30. Qg3 Ne7 31. Ne3 Ng6 32. Nc4 Kh8 33. Kh1 Qe7
34. Ba4 Qc7 35. Qe3 d5 36. Qb6 Rc8 37. exd5 cxd5 38. Qxc7 Rxc7 39. Ne3 Nf6 40.
Nxd5 Nxd5 41. Rxd5 f6 42. Bc2 Nf4 43. Rd8 Rc8 44. Rxf8+ Rxf8 45. Rd6 Ra8 46.
Kh2 a5 47. g3 Ne2 48. Rd2 Nc1 49. Rd1 Nxa2 50. Ra1 Nxc3 51. bxc3 g5 52. Be4 Rc8
53. Rxa5 Rxc3 54. Ra7 f5 55. Bxf5 Rf3 56. g4 Rxf2+ 1-0

[Event "Hastings Premier 1973/74 49th"]
[Site "Hastings"]
[Date "1974.01.02"]
[Round "6"]
[White "Pytel, Krzysztof"]
[Black "Hartston, William Roland"]
[Result "1/2-1/2"]
[WhiteElo "2390"]
[BlackElo "2470"]
[PlyCount "41"]
[EventDate "1973.12.27"]
[EventType "tourn"]
[EventRounds "15"]
[EventCountry "ENG"]
[EventCategory "9"]
[SourceTitle "Britbase"]

1. d4 Nf6 2. c4 g6 3. Nc3 d5 4. Bf4 Bg7 5. e3 O-O 6. Rc1 c6 7. Nf3 Be6 8. Ng5
Bf5 9. Qb3 Qb6 10. Qxb6 axb6 11. cxd5 Nxd5 12. Nxd5 cxd5 13. a3 Nc6 14. Bb5 Bd7
15. Nf3 Rfc8 16. O-O Ne5 17. Bxd7 Nxd7 18. Bc7 b5 19. Rc3 e6 20. Rfc1 Bf8 21.
Kf1 1/2-1/2

[Event "Hastings Premier 1973/74 49th"]
[Site "Hastings"]
[Date "1974.01.02"]
[Round "6"]
[White "Szabo, Laszlo"]
[Black "Basman, Michael John"]
[Result "1-0"]
[WhiteElo "2565"]
[BlackElo "2385"]
[PlyCount "75"]
[EventDate "1973.12.27"]
[EventType "tourn"]
[EventRounds "15"]
[EventCountry "ENG"]
[EventCategory "9"]
[SourceTitle "Britbase"]

1. Nf3 f5 2. d4 g6 3. g3 Bg7 4. Bg2 c6 5. c4 d6 6. O-O Nh6 7. Nc3 O-O 8. d5 e5
9. dxe6 Bxe6 10. Qd3 Nf7 11. Nd4 Bd7 12. f4 Na6 13. Be3 Nc5 14. Qd2 Qe7 15.
Rad1 Rfe8 16. Nc2 Bxc3 17. Qxc3 Ne4 18. Qd3 a6 19. b3 c5 20. Bc1 Bc6 21. Ne3 b5
22. Bb2 Ra7 23. g4 Qe6 24. Nd5 Bxd5 25. cxd5 Qe7 26. gxf5 Nh6 27. fxg6 hxg6 28.
Rf3 Qh4 29. Rdf1 Qg4 30. Rh3 Rh7 31. Kh1 Qf5 32. Rh4 Nf7 33. Rxh7 Kxh7 34. Bh3
Qh5 35. Be6 Nh6 36. Qxe4 Ng4 37. Bxg4 Rxe4 38. Bxh5 1-0

[Event "Hastings Premier 1973/74 49th"]
[Site "Hastings"]
[Date "1974.01.03"]
[Round "7"]
[White "Basman, Michael John"]
[Black "Pytel, Krzysztof"]
[Result "0-1"]
[WhiteElo "2385"]
[BlackElo "2390"]
[PlyCount "67"]
[EventDate "1973.12.27"]
[EventType "tourn"]
[EventRounds "15"]
[EventCountry "ENG"]
[EventCategory "9"]
[SourceTitle "Britbase"]

1. e4 c5 2. Nf3 Nc6 3. Be2 Nf6 4. e5 Ng4 5. b4 cxb4 6. d4 d5 7. O-O g6 $6 (7...
e6 8. a3 $13 {Basman-Hutchinson, Woolacombe 1973}) 8. Bf4 $6 (8. a3 bxa3 9. c4
$1 $16 {Pytel/Basman}) 8... h5 9. a3 Bh6 10. Bxh6 Nxh6 11. axb4 Nxb4 12. c4 Kf8
$1 $13 13. Qb3 $6 (13. Qd2 $13) 13... a5 14. Nc3 e6 15. cxd5 exd5 16. Nb5 Kg7
17. Rfc1 Be6 18. Qe3 Nf5 19. Qd2 Qb6 20. Ng5 Nc6 21. Rab1 $16 Qd8 22. Bd3 Nfxd4
23. Nxd4 Nxd4 24. Rxb7 Rb8 25. Rbc7 $6 (25. Ra7) 25... Rb4 $1 26. Qf4 $2 Rf8 $1
27. Qg3 $6 Bf5 $1 $15 28. h4 ({The Chess Player, Vol.6/454 gives} 28. h3 {
(followed by all subsequent digital sources) but this would allow} Bxd3 {
and White cannot recapture because the N would be en prise.}) 28... Rb3 29.
R1c3 $2 (29. R7c3 Rxc3 $17) 29... Bxd3 $1 $19 30. Kh2 (30. Qxd3 Qxc7 $1) 30...
Rxc3 31. Rxc3 Bf5 32. e6 Nxe6 33. Qe5+ Kg8 34. Rg3 {Source: The Chess Player
Vol.6/454} 0-1

[Event "Hastings Premier 1973/74 49th"]
[Site "Hastings"]
[Date "1974.01.03"]
[Round "7"]
[White "Gligoric, Svetozar"]
[Black "Miles, Anthony John"]
[Result "1-0"]
[WhiteElo "2595"]
[BlackElo "2375"]
[PlyCount "91"]
[EventDate "1973.12.27"]
[EventType "tourn"]
[EventRounds "15"]
[EventCountry "ENG"]
[EventCategory "9"]
[SourceTitle "Britbase"]

1. d4 Nf6 2. c4 e6 3. Nc3 c5 4. d5 exd5 5. cxd5 d6 6. e4 g6 7. Nf3 Bg7 8. Be2
O-O 9. O-O a6 10. a4 Bg4 11. Bf4 Re8 12. Nd2 Bxe2 13. Qxe2 Nh5 14. Be3 Nd7 15.
a5 Qc7 16. g4 Nhf6 17. f3 Ne5 18. Kh1 Rac8 19. Ra4 h5 20. g5 Nh7 21. f4 Nd7 22.
e5 dxe5 23. f5 b5 24. axb6 Nxb6 25. Rxa6 Qb7 26. Qb5 Rb8 27. fxg6 fxg6 28. Nde4
Rf8 29. Bxc5 Rxf1+ 30. Qxf1 Nd7 31. Ra7 Qc8 32. b4 Bf8 33. Qa6 Qxa6 34. Rxa6
Kf7 35. Ra7 Ke8 36. h4 Be7 37. Kg2 Nhf8 38. Kf3 Rc8 39. Nb5 Rb8 40. Nc7+ Kf7
41. Na6 Rc8 42. Ke2 Ke8 43. Kd3 Kf7 44. Bxe7 Kxe7 45. Nac5 Kd8 46. Ne6+ 1-0

[Event "Hastings Premier 1973/74 49th"]
[Site "Hastings"]
[Date "1974.01.03"]
[Round "7"]
[White "Hartston, William Roland"]
[Black "Keene, Raymond Dennis"]
[Result "1/2-1/2"]
[WhiteElo "2470"]
[BlackElo "2445"]
[PlyCount "21"]
[EventDate "1973.12.27"]
[EventType "tourn"]
[EventRounds "15"]
[EventCountry "ENG"]
[EventCategory "9"]
[SourceTitle "Britbase"]

1. e4 g6 2. d4 d6 3. Nc3 Bg7 4. Be3 Nf6 5. h3 O-O 6. Nf3 Na6 7. Be2 c5 8. e5
dxe5 9. dxe5 Nd7 10. Bf4 Nb6 11. O-O 1/2-1/2

[Event "Hastings Premier 1973/74 49th"]
[Site "Hastings"]
[Date "1974.01.03"]
[Round "7"]
[White "Rellstab, Ludwig Jr"]
[Black "Adorjan, Andras"]
[Result "0-1"]
[WhiteElo "2200"]
[BlackElo "2515"]
[PlyCount "82"]
[EventDate "1973.12.27"]
[EventType "tourn"]
[EventRounds "15"]
[EventCountry "ENG"]
[EventCategory "9"]
[SourceTitle "Britbase"]

1. e4 c5 2. Nf3 Nc6 3. d4 cxd4 4. Nxd4 g6 5. Nc3 Bg7 6. Be3 Nf6 7. Be2 O-O 8.
Nb3 d6 9. O-O Be6 10. f4 Na5 11. Nxa5 Qxa5 12. Bd4 Rfd8 13. Qd3 Rac8 14. Qe3
Qb4 15. a3 Qxb2 16. Rfb1 Ng4 17. Bxg4 Rxc3 18. Bxc3 Qxc3 19. Qxc3 Bxc3 20. Bxe6
Bxa1 21. Bb3 Bd4+ 22. Kf1 Rc8 23. Rd1 Be3 24. g3 b5 25. Ke2 Bc5 26. a4 bxa4 27.
Bxa4 Rb8 28. Bb3 Rb4 29. Kf3 Bd4 30. Rb1 a5 31. g4 Kg7 32. h4 h5 33. g5 a4 34.
Ba2 Rxb1 35. Bxb1 Bc3 36. Kg2 f6 37. Ba2 e5 38. fxe5 Bxe5 39. Kf3 Bb2 40. gxf6+
Bxf6 41. Kg3 Bc3 0-1

[Event "Hastings Premier 1973/74 49th"]
[Site "Hastings"]
[Date "1974.01.03"]
[Round "7"]
[White "Stean, Michael Frank"]
[Black "Szabo, Laszlo"]
[Result "1/2-1/2"]
[WhiteElo "2320"]
[BlackElo "2565"]
[PlyCount "29"]
[EventDate "1973.12.27"]
[EventType "tourn"]
[EventRounds "15"]
[EventCountry "ENG"]
[EventCategory "9"]
[SourceTitle "Britbase"]

1. e4 c5 2. Nf3 e6 3. d4 cxd4 4. Nxd4 Nc6 5. Nc3 Qc7 6. Be2 Nf6 7. Be3 Bb4 8.
Ndb5 Qb8 9. a3 Be7 10. f4 d6 11. O-O O-O 12. Qe1 d5 13. exd5 Nxd5 14. Nxd5 exd5
15. Bf3 1/2-1/2

[Event "Hastings Premier 1973/74 49th"]
[Site "Hastings"]
[Date "1974.01.03"]
[Round "7"]
[White "Suttles, Duncan"]
[Black "Kuzmin, Gennadi P"]
[Result "1/2-1/2"]
[WhiteElo "2485"]
[BlackElo "2575"]
[PlyCount "42"]
[EventDate "1973.12.27"]
[EventType "tourn"]
[EventRounds "15"]
[EventCountry "ENG"]
[EventCategory "9"]
[SourceTitle "Britbase"]

1. c4 e5 2. Nc3 Nf6 3. Nf3 Nc6 4. g3 Bb4 5. Bg2 O-O 6. O-O Re8 7. d3 h6 8. a3
Bxc3 9. bxc3 e4 10. Nd4 exd3 11. exd3 Nxd4 12. cxd4 d5 13. Rb1 b6 14. Bf4 Bf5
15. Be5 dxc4 16. Bxa8 Qxa8 17. Bxf6 Bh3 18. f3 Bxf1 19. Qxf1 gxf6 20. dxc4 Qc6
21. Qd3 Qe6 1/2-1/2

[Event "Hastings Premier 1973/74 49th"]
[Site "Hastings"]
[Date "1974.01.03"]
[Round "7"]
[White "Tal, Mikhail"]
[Black "Benko, Pal"]
[Result "1/2-1/2"]
[WhiteElo "2660"]
[BlackElo "2530"]
[PlyCount "57"]
[EventDate "1973.12.27"]
[EventType "tourn"]
[EventRounds "15"]
[EventCountry "ENG"]
[EventCategory "9"]
[SourceTitle "Britbase"]

1. e4 e5 2. Nf3 Nf6 3. d4 Nxe4 4. Bd3 d5 5. Nxe5 Bd6 6. Nc3 Nxc3 7. bxc3 O-O 8.
O-O Nd7 9. f4 c5 10. Qf3 c4 11. Be2 Qa5 12. a4 f6 13. Bxc4 fxe5 14. Qxd5+ Qxd5
15. Bxd5+ Kh8 16. fxe5 Rxf1+ 17. Kxf1 Nxe5 18. dxe5 Bxe5 19. Rb1 Bxh2 20. Ba3
Rb8 21. Re1 Bd7 22. Re7 Bxa4 23. g3 Bxg3 24. Kg2 Rd8 25. c4 Bd6 26. Bxd6 Rxd6
27. Rxb7 g5 28. Kf3 Bxc2 29. Kg4 1/2-1/2

[Event "Hastings Premier 1973/74 49th"]
[Site "Hastings"]
[Date "1974.01.03"]
[Round "7"]
[White "Timman, Jan H"]
[Black "Garcia Martinez, Silvino"]
[Result "1-0"]
[WhiteElo "2470"]
[BlackElo "2450"]
[PlyCount "62"]
[EventDate "1973.12.27"]
[EventType "tourn"]
[EventRounds "15"]
[EventCountry "ENG"]
[EventCategory "9"]
[SourceTitle "Britbase"]

1. c4 e5 2. Nc3 Nf6 3. Nf3 Nc6 4. d4 exd4 5. Nxd4 Bb4 6. Bg5 h6 7. Bh4 Bxc3+ 8.
bxc3 d6 9. e3 Ne5 10. Qc2 O-O 11. Be2 Re8 12. f3 Ng6 13. Bf2 c5 14. Nf5 d5 15.
O-O Re5 16. Ng3 Ne7 17. Rfd1 Qa5 18. Qb3 Bd7 19. Qxb7 Bc6 20. Qb3 Ba4 21. Qa3
Nc6 22. Rd2 Rae8 23. Nf1 d4 24. cxd4 cxd4 25. e4 Rd8 26. Rc1 Nh5 27. g3 Nf6 28.
c5 g5 29. Rc4 Bb5 30. Qxa5 Nxa5 31. Rcxd4 Rb8 1-0

[Event "Hastings Premier 1973/74 49th"]
[Site "Hastings"]
[Date "1974.01.04"]
[Round "8"]
[White "Adorjan, Andras"]
[Black "Suttles, Duncan"]
[Result "1-0"]
[WhiteElo "2515"]
[BlackElo "2485"]
[PlyCount "85"]
[EventDate "1973.12.27"]
[EventType "tourn"]
[EventRounds "15"]
[EventCountry "ENG"]
[EventCategory "9"]
[SourceTitle "Britbase"]

1. e4 g6 2. d4 d6 3. Nc3 Bg7 4. f4 Nf6 5. Nf3 c5 6. dxc5 Qa5 7. Bd3 Qxc5 8. Qe2
O-O 9. Be3 Qa5 10. O-O Bg4 11. h3 Bxf3 12. Qxf3 Nc6 13. a3 Nd7 14. Bd2 Qb6+ 15.
Kh1 Nc5 16. Rab1 Nxd3 17. cxd3 Qb3 18. f5 Rfe8 19. Bg5 Rac8 20. Nd5 Ne5 21. Qg3
f6 22. Bf4 Nxd3 23. fxg6 Nc5 24. gxh7+ Kh8 25. Qg6 f5 26. Ne3 Qe6 27. exf5 Qxg6
28. fxg6 e5 29. Bh2 Re6 30. Nf5 Bf8 31. Rbc1 Rd8 32. b4 Na6 33. Rfd1 Rxg6 34.
b5 Nb8 35. Bxe5+ Kxh7 36. Rc7+ Rd7 37. Rxd7+ Nxd7 38. Bxd6 a6 39. Be7 Ne5 40.
Bxf8 Rf6 41. Bg7 Rxf5 42. Bxe5 Rxe5 43. Rd7+ 1-0

[Event "Hastings Premier 1973/74 49th"]
[Site "Hastings"]
[Date "1974.01.04"]
[Round "8"]
[White "Benko, Pal"]
[Black "Miles, Anthony John"]
[Result "1/2-1/2"]
[WhiteElo "2530"]
[BlackElo "2375"]
[PlyCount "28"]
[EventDate "1973.12.27"]
[EventType "tourn"]
[EventRounds "15"]
[EventCountry "ENG"]
[EventCategory "9"]
[SourceTitle "Britbase"]

1. Nf3 c5 2. e4 d6 3. Bb5+ Nc6 4. O-O Bd7 5. c3 a6 6. Ba4 Nf6 7. Re1 c4 8. Bc2
g6 9. Qe2 b5 10. b3 cxb3 11. axb3 Bg7 12. d4 O-O 13. h3 Qc7 14. Bb2 Nh5 1/2-1/2

[Event "Hastings Premier 1973/74 49th"]
[Site "Hastings"]
[Date "1974.01.04"]
[Round "8"]
[White "Keene, Raymond Dennis"]
[Black "Basman, Michael John"]
[Result "1/2-1/2"]
[WhiteElo "2445"]
[BlackElo "2385"]
[PlyCount "40"]
[EventDate "1973.12.27"]
[EventType "tourn"]
[EventRounds "15"]
[EventCountry "ENG"]
[EventCategory "9"]
[SourceTitle "Britbase"]

1. Nf3 f5 2. d4 g6 3. g3 Bg7 4. Bg2 c6 5. O-O d6 6. c4 Nh6 7. Nc3 O-O 8. Qc2
Na6 9. Rd1 Bd7 10. b3 Qc8 11. Ba3 Nf7 12. Rac1 Re8 13. d5 Qd8 14. Nd4 Rc8 15.
Qd2 Qa5 16. Bb2 Nc5 17. e3 Qb6 18. Ba3 Qa5 19. Bb2 Qb6 20. Ba3 Qa5 1/2-1/2

[Event "Hastings Premier 1973/74 49th"]
[Site "Hastings"]
[Date "1974.01.04"]
[Round "8"]
[White "Kuzmin, Gennadi P"]
[Black "Hartston, William Roland"]
[Result "1-0"]
[WhiteElo "2575"]
[BlackElo "2470"]
[PlyCount "71"]
[EventDate "1973.12.27"]
[EventType "tourn"]
[EventRounds "15"]
[EventCountry "ENG"]
[EventCategory "9"]
[SourceTitle "Britbase"]

1. e4 c5 2. Nf3 e6 3. d4 cxd4 4. Nxd4 Nc6 5. Nb5 d6 6. c4 Nf6 7. N1c3 a6 8. Nd4
Bd7 9. Be2 Be7 10. O-O O-O 11. Be3 Qb8 12. Nb3 b6 13. Nd2 Ra7 14. a3 Rd8 15. b4
Ne5 16. f4 Ng6 17. Qe1 Be8 18. Qf2 Nd7 19. Rac1 Bf6 20. Nb3 Rb7 21. Rfd1 Bxc3
22. Rxc3 Nf6 23. Bf3 Bc6 24. Nd2 e5 25. f5 Nf8 26. Qh4 Ne8 27. Be2 a5 28. b5
Bd7 29. g4 Qc7 30. Nf1 f6 31. c5 dxc5 32. Bc4+ Kh8 33. Rcd3 h6 34. Bxh6 gxh6
35. Qxh6+ Nh7 36. Rh3 1-0